00241nam a2200097Ia 4500008004100000100001800041245003500059260002900094300000800123650001200131190216s9999||||xx |||||||||||||| ||und|| aAbhyankar K.D 0aAstrophysics Stars And Glaxies bUniversities Pressc2009 a543 aPhysics